[Event "HUN-chT2 Barcza 1314"]
[Site "Hungary"]
[Date "2013.11.03"]
[Round "4"]
[White "Nagy, Sandor I"]
[Black "Borsos, Bogdan"]
[Result "1/2-1/2"]
[WhiteElo "2112"]
[BlackElo "2298"]
[PlyCount "37"]
[EventDate "2013.09.08"]
[EventType "team-tourn"]
[EventRounds "11"]
[EventCountry "HUN"]
[SourceTitle "EXT 2016"]
[Source "ChessBase"]
[SourceDate "2015.10.08"]
[SourceVersion "1"]
[SourceVersionDate "2015.10.08"]
[SourceQuality "1"]
[WhiteTeam "Debrecen Sakkiskola"]
[BlackTeam "Kazincbarcika"]
[WhiteTeamCountry "HUN"]
[BlackTeamCountry "HUN"]

1. e4 e5 2. Nf3 Nc6 3. Bc4 Nf6 4. Ng5 d5 5. exd5 Na5 6. Bb5+ c6 7. dxc6 bxc6 8. Be2 h6 9. Nf3 e4 10. Ne5 Bd6 11. d4 exd3 12. Nxd3 Qc7 13. Nc3 0-0 14. Be3 Re8 15. Bd4 Nd5 16. h3 Qe7 17. 0-0 Qh4 18. Bg4 Bb7 19. Nxd5 1/2-1/2

[Event "HUN-chT2 Barcza 1011"]
[Site "Hungary"]
[Date "2010.09.12"]
[Round "1.7"]
[White "Toth, Laszlo"]
[Black "Nagy, Sandor I"]
[Result "0-1"]
[WhiteElo "1986"]
[BlackElo "2040"]
[PlyCount "46"]
[EventDate "2010.09.12"]
[EventType "team-tourn"]
[EventRounds "11"]
[EventCountry "HUN"]
[SourceTitle "EXT 2012"]
[Source "ChessBase"]
[SourceDate "2011.11.24"]
[SourceVersion "1"]
[SourceVersionDate "2011.11.24"]
[SourceQuality "1"]
[WhiteTeam "Mezokovesd"]
[BlackTeam "Debrecen Betu"]
[WhiteTeamCountry "HUN"]
[BlackTeamCountry "HUN"]

1. d4 Nf6 2. c4 g6 3. Nc3 d5 4. cxd5 Nxd5 5. e4 Nxc3 6. bxc3 Bg7 7. Be3 c5 8. Bb5+ Bd7 9. Qa4 Nc6 10. Ne2 a6 11. Bxc6 Bxc6 12. Qc2 cxd4 13. cxd4 f5 14. f3 fxe4 15. fxe4 0-0 16. Rd1 Rc8 17. Qb3+ Kh8 18. d5 Bb5 19. Nd4 Bc4 20. Qa3 e6 21. Nxe6 Qh4+ 22. g3 Qxe4 23. Rg1 Rf3 0-1

[Event "HUN-chT2 Barcza 0910"]
[Site "Hungary"]
[Date "2010.03.21"]
[Round "8.8"]
[White "Ruboczki, Tibor"]
[Black "Nagy, Sandor I"]
[Result "1-0"]
[WhiteElo "1712"]
[BlackElo "2040"]
[PlyCount "62"]
[EventDate "2009.11.08"]
[EventType "team-tourn"]
[EventRounds "11"]
[EventCountry "HUN"]
[SourceTitle "EXT 2011"]
[Source "ChessBase"]
[SourceDate "2010.11.26"]
[SourceVersion "1"]
[SourceVersionDate "2010.11.26"]
[SourceQuality "1"]
[WhiteTeam "Nyiregyhaza"]
[BlackTeam "Debrecen Betu"]
[WhiteTeamCountry "HUN"]
[BlackTeamCountry "HUN"]

1. d4 Nf6 2. c4 g6 3. g3 Bg7 4. Bg2 d5 5. cxd5 Nxd5 6. Nf3 Bf5 7. Nh4 Bc8 8. 0-0 Nc6 9. Nc3 Be6 10. e4 Nxc3 11. bxc3 Bc4 12. Re1 Qd7 13. Qc2 e5 14. d5 Ne7 15. Ba3 Nc8 16. Rab1 Nd6 17. Bxd6 cxd6 18. Bf1 Bxf1 19. Rxf1 0-0 20. Qb3 Rab8 21. Ng2 Rfc8 22. Rfc1 f5 23. Qc4 Bh6 24. Rc2 b6 25. Ne1 a5 26. Qb3 fxe4 27. Re2 Qg4 28. Qc2 Rxc3 29. Rxe4 Rxc2 30. Rxg4 Rxa2 31. Rc4 b5 1-0

[Event "HUN-chT2 Barcza 0910"]
[Site "Hungary"]
[Date "2010.02.28"]
[Round "7.7"]
[White "Kun, Sandor"]
[Black "Nagy, Sandor I"]
[Result "1/2-1/2"]
[WhiteElo "2087"]
[BlackElo "2040"]
[PlyCount "66"]
[EventDate "2009.11.08"]
[EventType "team-tourn"]
[EventRounds "11"]
[EventCountry "HUN"]
[SourceTitle "EXT 2011"]
[Source "ChessBase"]
[SourceDate "2010.11.26"]
[SourceVersion "1"]
[SourceVersionDate "2010.11.26"]
[SourceQuality "1"]
[WhiteTeam "HSSE"]
[BlackTeam "Debrecen Betu"]
[WhiteTeamCountry "HUN"]
[BlackTeamCountry "HUN"]

1. e4 c5 2. Nf3 d6 3. d4 cxd4 4. Nxd4 Nf6 5. Nc3 a6 6. Be3 e6 7. a4 Be7 8. Be2 Nc6 9. 0-0 Qc7 10. f4 0-0 11. Kh1 Re8 12. Nb3 b6 13. Qe1 Nb4 14. Bd3 d5 15. e5 Nd7 16. a5 Nxd3 17. cxd3 bxa5 18. Nxa5 Rb8 19. Qd2 Bb4 20. Nb3 Bxc3 21. bxc3 Rxb3 22. Bd4 Nc5 23. Qe3 Rb5 24. g4 Nb3 25. f5 exf5 26. gxf5 Nxa1 27. f6 Qd7 28. Rg1 Qh3 29. Qg5 Qf3+ 30. Rg2 g6 31. Qh6 Rb1+ 32. Bg1 Rxg1+ 33. Kxg1 Qd1+ 1/2-1/2

[Event "HUN-chT2 Barcza 0809"]
[Site "Hungary"]
[Date "2009.02.08"]
[Round "7.7"]
[White "Balogh, Imre Jr"]
[Black "Nagy, Sandor I"]
[Result "1/2-1/2"]
[WhiteElo "2031"]
[BlackElo "2041"]
[PlyCount "27"]
[EventDate "2008.10.26"]
[EventType "team-tourn"]
[EventRounds "11"]
[EventCountry "HUN"]
[SourceTitle "EXT 2010"]
[Source "ChessBase"]
[SourceDate "2010.11.25"]
[SourceVersion "1"]
[SourceVersionDate "2010.11.25"]
[SourceQuality "1"]
[WhiteTeam "DEAC"]
[BlackTeam "Debrecen Betu"]
[WhiteTeamCountry "HUN"]
[BlackTeamCountry "HUN"]

1. e4 e5 2. Nf3 Nc6 3. Bb5 f5 4. Nc3 fxe4 5. Nxe4 Nf6 6. Nxf6+ Qxf6 7. 0-0 Be7 8. d3 h6 9. Ne1 0-0 10. Bxc6 Qxc6 11. Qe2 Bf6 12. c3 d5 13. Nc2 a5 14. Be3 1/2-1/2

[Event "HUN-chT2 Barcza 0506"]
[Site "Hungary"]
[Date "2005.11.27"]
[Round "4"]
[White "Nagy, Sandor I"]
[Black "Kun, Sandor"]
[Result "1-0"]
[WhiteElo "2069"]
[BlackElo "2169"]
[PlyCount "75"]
[EventDate "2005.10.16"]
[EventType "team"]
[EventRounds "11"]
[EventCountry "HUN"]
[SourceTitle "EXT 2009"]
[Source "ChessBase"]
[SourceDate "2008.11.26"]
[SourceVersion "1"]
[SourceVersionDate "2008.11.26"]
[SourceQuality "1"]
[WhiteTeam "DEAC"]
[BlackTeam "Hajduszoboszlo"]
[WhiteTeamCountry "HUN"]
[BlackTeamCountry "HUN"]

1. d4 Nf6 2. c4 g6 3. Nc3 Bg7 4. e4 d6 5. f4 c5 6. d5 0-0 7. Nf3 e6 8. Be2 exd5 9. exd5 Bf5 10. 0-0 Na6 11. a3 Nc7 12. Bd3 Qd7 13. Qc2 Rae8 14. Bxf5 gxf5 15. Bd2 b5 16. b3 Ne4 17. Rae1 bxc4 18. bxc4 Re7 19. Nxe4 fxe4 20. Rxe4 Qf5 21. Rfe1 Rfe8 22. Nh4 Bd4+ 23. Kf1 Qg4 24. Rxe7 Rxe7 25. Rxe7 Qxh4 26. Re2 Qxh2 27. Be3 Qh1+ 28. Kf2 Qh4+ 29. Kg1 Qxf4 30. Bxd4 Qxd4+ 31. Rf2 Qa1+ 32. Rf1 Qd4+ 33. Qf2 Qxf2+ 34. Rxf2 Na8 35. Rf6 Nb6 36. Rxd6 Nxc4 37. Rc6 Nxa3 38. d6 1-0

[Event "HUN-chT2 Barcza 0506"]
[Site "Hungary"]
[Date "2005.10.30"]
[Round "2"]
[White "Toviskes, Antal"]
[Black "Nagy, Sandor I"]
[Result "1/2-1/2"]
[WhiteElo "2021"]
[BlackElo "2069"]
[PlyCount "83"]
[EventDate "2005.10.16"]
[EventType "team"]
[EventRounds "11"]
[EventCountry "HUN"]
[SourceTitle "EXT 2009"]
[Source "ChessBase"]
[SourceDate "2008.11.26"]
[SourceVersion "1"]
[SourceVersionDate "2008.11.26"]
[SourceQuality "1"]
[WhiteTeam "Hajduboszormeny II"]
[BlackTeam "DEAC"]
[WhiteTeamCountry "HUN"]
[BlackTeamCountry "HUN"]

1. e4 e6 2. Qe2 c5 3. Nf3 Nc6 4. g3 Be7 5. Bg2 b6 6. b3 Nb4 7. d3 Bb7 8. Bb2 Bf6 9. e5 Be7 10. Nc3 Nh6 11. a3 Nc6 12. 0-0 Nf5 13. Ne4 h5 14. h4 Qc7 15. Bh3 0-0-0 16. Bxf5 exf5 17. Nc3 Qb8 18. d4 Rde8 19. d5 Nd4 20. Nxd4 cxd4 21. Qc4+ Bc5 22. Nb5 Rxe5 23. Bxd4 Bxd5 24. Qc3 Re6 25. b4 Bc6 26. bxc5 Bxb5 27. Rfb1 Bc6 28. cxb6 a6 29. Qc4 Kb7 30. Kh2 f4 31. Qc3 fxg3+ 32. Qxg3 Qxg3+ 33. Kxg3 Re4 34. Be3 Rg4+ 35. Kh2 Rxh4+ 36. Kg3 Rg4+ 37. Kh2 Re8 38. Rb4 Rxb4 39. axb4 Re4 40. c3 Rg4 41. Ra5 d5 42. Ra1 1/2-1/2

[Event "HUN-chT2 Barcza 0405"]
[Site "Hungary"]
[Date "2004.12.19"]
[Round "5"]
[White "Nagy, Sandor I"]
[Black "Uzonyi, David"]
[Result "1-0"]
[WhiteElo "2069"]
[BlackElo "1753"]
[PlyCount "47"]
[EventDate "2004.09.26"]
[EventType "team"]
[EventRounds "11"]
[EventCountry "HUN"]
[SourceTitle "EXT 2009"]
[Source "ChessBase"]
[SourceDate "2008.11.26"]
[SourceVersion "1"]
[SourceVersionDate "2008.11.26"]
[SourceQuality "1"]
[WhiteTeam "Derecske"]
[BlackTeam "Hajduboszormeny II"]
[WhiteTeamCountry "HUN"]
[BlackTeamCountry "HUN"]

1. e4 c5 2. Nf3 e6 3. d4 cxd4 4. Nxd4 Nf6 5. Nc3 a6 6. Be2 b5 7. a3 Bb7 8. f3 d6 9. Be3 Be7 10. 0-0 0-0 11. Kh1 Nc6 12. Nxc6 Bxc6 13. Qe1 Qc7 14. Bd3 d5 15. exd5 Nxd5 16. Nxd5 Bxd5 17. Rd1 Rfd8 18. Qf2 Rac8 19. Bb6 Qe5 20. Bxd8 Rxd8 21. c3 h6 22. Qe2 Qf4 23. Be4 Qe5 24. Bh7+ 1-0

[Event "HUN-chT2 Barcza 0405"]
[Site "Hungary"]
[Date "2004.12.05"]
[Round "4"]
[White "Nagy, Sandor I"]
[Black "Molnar, Tibor H"]
[Result "1/2-1/2"]
[WhiteElo "2069"]
[BlackElo "1855"]
[PlyCount "130"]
[EventDate "2004.09.26"]
[EventType "team"]
[EventRounds "11"]
[EventCountry "HUN"]
[SourceTitle "EXT 2009"]
[Source "ChessBase"]
[SourceDate "2008.11.26"]
[SourceVersion "1"]
[SourceVersionDate "2008.11.26"]
[SourceQuality "1"]
[WhiteTeam "Derecske"]
[BlackTeam "Nadudvar"]
[WhiteTeamCountry "HUN"]
[BlackTeamCountry "HUN"]

1. e4 c5 2. Nf3 d6 3. d4 cxd4 4. Nxd4 Nf6 5. Nc3 g6 6. Bg5 Bg7 7. Qd2 Nc6 8. Nb3 Be6 9. 0-0-0 Rc8 10. f3 h5 11. Kb1 a6 12. h4 Qc7 13. Be2 b5 14. a3 Ne5 15. Bxf6 Bxf6 16. Nd5 Bxd5 17. exd5 Qb6 18. f4 Nc4 19. Bxc4 bxc4 20. Qa5 Rb8 21. Qxb6 Rxb6 22. Nd4 Kd7 23. Rh3 Rhb8 24. b4 cxb3 25. Rxb3 Rxb3+ 26. cxb3 Bxh4 27. Ka2 Bf6 28. b4 h4 29. Kb3 Bxd4 30. Rxd4 a5 31. Rc4 axb4 32. a4 e6 33. dxe6+ fxe6 34. f5 gxf5 35. Rxh4 Rg8 36. Rh2 Rg4 37. Rh8 Rxg2 38. Kxb4 Rb2+ 39. Ka3 Rb7 40. a5 Kc6 41. Ka4 f4 42. Rf8 e5 43. a6 Ra7 44. Ka5 Rc7 45. Rf6 Kc5 46. Rf8 Kc6 47. Rf6 Rh7 48. Rf8 Rc7 49. Rf6 Rc8 50. Rf7 Kc5 51. a7 Kc6 52. Ka6 Ra8 53. Rf6 Kc7 54. Rf7+ Kc6 55. Rf6 Re8 56. Rf7 e4 57. Rxf4 d5 58. Rf7 e3 59. Rb7 Ra8 60. Rb8 Rxa7+ 61. Kxa7 Kc5 62. Ka6 Kd4 63. Kb5 Kd3 64. Re8 e2 65. Kc5 Kd2 1/2-1/2

[Event "HUN-chT2 Barcza 0304"]
[Site "Hungary"]
[Date "2004.03.21"]
[Round "9"]
[White "Nagy, Sandor I"]
[Black "Istvanovszky, Martin"]
[Result "0-1"]
[WhiteElo "2103"]
[BlackElo "2018"]
[PlyCount "66"]
[EventDate "2003.08.29"]
[EventType "team"]
[EventRounds "11"]
[EventCountry "HUN"]
[SourceTitle "EXT 2009"]
[Source "ChessBase"]
[SourceDate "2008.11.26"]
[SourceVersion "1"]
[SourceVersionDate "2008.11.26"]
[SourceQuality "1"]
[WhiteTeam "Debrecen Betu"]
[BlackTeam "Hajduboszormeny II"]
[WhiteTeamCountry "HUN"]
[BlackTeamCountry "HUN"]

1. d4 Nf6 2. Nf3 g6 3. e3 Bg7 4. Bd3 0-0 5. e4 d6 6. c3 a6 7. e5 dxe5 8. Nxe5 Nbd7 9. f4 c5 10. Nf3 b5 11. 0-0 Bb7 12. Be2 Rc8 13. Nbd2 Qb6 14. dxc5 Nxc5 15. Nd4 Ne6 16. N2b3 Rfd8 17. Kh1 b4 18. Qe1 bxc3 19. bxc3 Ne4 20. Bf3 Nxd4 21. cxd4 Bxd4 22. Bxe4 Bxe4 23. Qxe4 Bxa1 24. Nxa1 Qf2 25. Qe1 Qxa2 26. Qe5 Qf2 27. Qe1 Qxe1 28. Rxe1 Rd3 29. h3 a5 30. Kh2 a4 31. Re4 Rxc1 32. Rxa4 h5 33. h4 Rdd1 0-1

[Event "HUN-chT2 Barcza 0304"]
[Site "Hungary"]
[Date "2004.01.25"]
[Round "6"]
[White "Toth, Gabor"]
[Black "Nagy, Sandor I"]
[Result "0-1"]
[WhiteElo "2173"]
[BlackElo "2108"]
[PlyCount "109"]
[EventDate "2003.08.29"]
[EventType "team"]
[EventRounds "11"]
[EventCountry "HUN"]
[SourceTitle "EXT 2009"]
[Source "ChessBase"]
[SourceDate "2008.11.26"]
[SourceVersion "1"]
[SourceVersionDate "2008.11.26"]
[SourceQuality "1"]
[WhiteTeam "Hajduszoboszlo"]
[BlackTeam "Debrecen Betu"]
[WhiteTeamCountry "HUN"]
[BlackTeamCountry "HUN"]

1. c4 f5 2. Nc3 Nf6 3. g3 e5 4. Bg2 c6 5. Nf3 d6 6. 0-0 Be7 7. d3 Na6 8. Rb1 0-0 9. a3 Bd7 10. b4 Rb8 11. a4 Nh5 12. Ba3 b5 13. axb5 cxb5 14. Nd2 Nc7 15. Nb3 Nf6 16. Na5 Qe8 17. Bc1 bxc4 18. dxc4 d5 19. Nxd5 Ncxd5 20. Bxd5+ Kh8 21. b5 Bd8 22. Nc6 Bxc6 23. Bxc6 Qe6 24. Ba3 Rf7 25. Qd6 Qxd6 26. Bxd6 Bc7 27. Rfd1 g6 28. Ra1 Bxd6 29. Rxd6 Rc8 30. c5 Kg7 31. b6 axb6 32. cxb6 Rb8 33. b7 Rc7 34. Ra8 Rbxb7 35. Bxb7 Rxb7 36. Ra5 e4 37. Raa6 Nd7 38. Ra5 Nf6 39. Rda6 Rb2 40. Ra7+ Kh6 41. R5a6 Nd5 42. Rd7 Rb5 43. Kg2 Rc5 44. Rf7 Rc7 45. Rxf5 Rd7 46. Re5 Nc3 47. e3 Rd2 48. Ra1 Nd1 49. Rxd1 Rxd1 50. Rxe4 Kg5 51. Re7 h6 52. h4+ Kf6 53. Rh7 h5 54. Ra7 Rd2 55. Ra6+ 0-1

[Event "HUN-chT2 Barcza 0304"]
[Site "Hungary"]
[Date "2003.12.07"]
[Round "5"]
[White "Revesz, Istvan"]
[Black "Nagy, Sandor I"]
[Result "1-0"]
[WhiteElo "2086"]
[BlackElo "2108"]
[PlyCount "105"]
[EventDate "2003.08.29"]
[EventType "team"]
[EventRounds "11"]
[EventCountry "HUN"]
[SourceTitle "EXT 2009"]
[Source "ChessBase"]
[SourceDate "2008.11.26"]
[SourceVersion "1"]
[SourceVersionDate "2008.11.26"]
[SourceQuality "1"]
[WhiteTeam "Szabolcs Volan"]
[BlackTeam "Debrecen Betu"]
[WhiteTeamCountry "HUN"]
[BlackTeamCountry "HUN"]

1. e4 Nf6 2. e5 Nd5 3. d4 d6 4. Nf3 Bg4 5. Be2 e6 6. c4 Nb6 7. b3 dxe5 8. dxe5 Qxd1+ 9. Bxd1 Bb4+ 10. Bd2 Nc6 11. 0-0 Rd8 12. Bxb4 Nxb4 13. Nc3 c6 14. Ne4 Nc8 15. Be2 Bxf3 16. gxf3 Nd3 17. Bxd3 Rxd3 18. Kg2 b6 19. Rfd1 Rxd1 20. Rxd1 Ke7 21. f4 h6 22. Kf3 Rd8 23. Rxd8 Kxd8 24. Ng3 Ne7 25. Ne4 Nf5 26. Ng3 Nd4+ 27. Ke4 c5 28. f5 Ke7 29. f4 exf5+ 30. Nxf5+ Nxf5 31. Kxf5 g6+ 32. Ke4 Ke6 33. a3 f5+ 34. exf6 Kxf6 35. b4 Ke6 36. b5 g5 37. fxg5 hxg5 38. h3 Kf6 39. Kd5 Kf5 40. Kc6 Kf4 41. Kb7 Kg3 42. Kxa7 Kxh3 43. Kxb6 g4 44. Ka6 g3 45. b6 g2 46. b7 g1Q 47. b8Q Qd4 48. Qc8+ Kg3 49. Qe6 Kf4 50. a4 Qd1 51. a5 Qd8 52. Kb5 Qc7 53. a6 1-0

[Event "HUN-chT2 Barcza 0304"]
[Site "Hungary"]
[Date "2003.11.16"]
[Round "3"]
[White "Nagy, Sandor I"]
[Black "Levai, Gergo"]
[Result "1/2-1/2"]
[WhiteElo "2108"]
[BlackElo "1921"]
[PlyCount "60"]
[EventDate "2003.08.29"]
[EventType "team"]
[EventRounds "11"]
[EventCountry "HUN"]
[SourceTitle "EXT 2009"]
[Source "ChessBase"]
[SourceDate "2008.11.26"]
[SourceVersion "1"]
[SourceVersionDate "2008.11.26"]
[SourceQuality "1"]
[WhiteTeam "Debrecen Betu"]
[BlackTeam "Tiszaujvaros"]
[WhiteTeamCountry "HUN"]
[BlackTeamCountry "HUN"]

1. d4 Nf6 2. c4 c5 3. d5 b5 4. cxb5 a6 5. bxa6 Bxa6 6. Nc3 g6 7. e4 Bxf1 8. Kxf1 d6 9. Nf3 Nbd7 10. Qc2 Bg7 11. g3 0-0 12. Kg2 Qa5 13. Re1 Ng4 14. Bd2 Rfb8 15. Nd1 Qb5 16. Bc3 Nge5 17. Nxe5 Nxe5 18. Re2 c4 19. Ne3 Ra4 20. a3 Qb3 21. Nd1 Nd3 22. Qxb3 Rxb3 23. Bxg7 Kxg7 24. Rd2 Ra7 25. Kf1 Rab7 26. Rc2 Rc7 27. Ra2 Ne5 28. Rc3 Nf3 29. Kg2 Ne1+ 30. Kf1 Nf3 1/2-1/2